000 00765nam a22001577a 4500
003 OSt
005 20170810140029.0
008 170810b xxu||||| |||| 00| 0 eng d
040 _cRUA
082 _aAGR LON 2014 B547 Or.1
100 _911932
_aLON PHALLIN, ឡន ផល្លីន
245 _aeffect of diammonium phosphate (D A P) fertilizer on chinese cabbage at royal university of agriculture ,ប្រសិទ្ធភាពជីឌីអាម៉ូនីញ៉ូមផូស្វាត(ដេ អា ប៉េ)ទៅលើដំណាំស្ពៃចង្កឹះនៅសាកលវិទ្យាល័យភូមិន្ទកសិកម្ម
260 _aphnom penh
_bRUA
_c2014
300 _aix;36p;
_bill;
_c29cm;
942 _2ddc
_cAGR
999 _c12158
_d12158